Pays Europe par date acquisition de souveraineté - Statistiques

Statistiques générales
  • Ce quiz a été pris 25 fois
  • Le résultat moyen est 14 sur 16
Statistiques - réponses
Anné Pays % Correct
1479 Espagne
100%
843 France
100%
1822 Grèce
95%
1707 Royaume-Uni
95%
1139 Portugal
91%
1523 Suède
91%
1291 Suisse
91%
962 Allemagne
86%
780 Andorre
82%
1830 Belgique
82%
958 Danemark
77%
1000 Hongrie
77%
1839 Luxembourg
77%
966 Pologne
77%
301 Saint-Marin
77%
1813 Liechtenstein
64%
Aucun quiz correspondant
Distribution des résultats
% des personnes avec chaque résultat
Percentile par nombre de réponses
Votre historique - résultats
Vous n’avez pas pris ce quiz